Match the Unit With the Unit Head! 2015 Version Quiz Stats

 Plays Quiz not verified by Sporcle

Challenge
Share
Tweet
Embed
Score 0/8 Timer 01:00
0 Plays Today
% Correct
???
100%
???
100%
???
85.7%
???
85.7%
???
85.7%
???
57.1%
???
57.1%
???
57.1%

You're not logged in!

Compare scores with friends on all Sporcle quizzes.
Join for Free
OR
Log In

You Might Also Like...

Show Comments

Extras

Created Jun 4, 2015ReportNominate
Tags:camp, unit, walden

Top Quizzes Today


Score Distribution

Your Account Isn't Verified!

In order to create a playlist on Sporcle, you need to verify the email address you used during registration. Go to your Sporcle Settings to finish the process.

Report this User

Report this user for behavior that violates our Community Guidelines.

Details: